000 00542nam a2200205Ia 4500
005 20250508162946.0
008 008 250505s9999 xx 000 0 hin d
037 _aTextBook
040 _aFEDL
_beng
_cFEDL
041 _ahin
_2hin
084 _a330.7, SAT
_qFEDL
100 _aSatsangi G D
_9774514
245 0 _aArthsasthra-shikshan
260 _aAgra, India
_bVinod Pustak Mandir
_c1995
300 _a116p
365 _aINR
_b30
650 _aEconomics-Teaching
942 _cTB
_h330.7, SAT
999 _c1379631
_d1379631